| 000 | 00000nam##2200000za#4500 |
| 001 | 9.672638 |
| 003 | CaOODSP |
| 005 | 20250129103527 |
| 007 | ta |
| 008 | 150407|2010||||xxc||||| f|0| 0 fre|d |
| 020 | |a978-1-100-50655-5 |
| 040 | |aCaOODSP|bfre |
| 041 | |aeng |
| 041 | |afre |
| 043 | |an-cn--- |
| 086 | 1 |aEn56-232/2010 |
| 110 | 2 |aService météorologique du Canada. |
| 245 | 13|aLe Service météorologique d'Environnement Canada : |bvotre oeil sur la météo |
| 260 | |aGatineau - Québec : |bEnvironnement Canada. |cc2011. |
| 300 | |aTexte français, 4p. : |bphotographies ; |c22 cm. |
| 520 | 3 |aDonne les grandes lignes du but des services météorologiques d'Environnement Canada, et fournit des faits et des conseils concernant la météorologie aux lecteurs. |
| 563 | |aCouverture souple |
| 590 | |a11-15|b2011-04-15 |
| 691 | 07|aPrévisions météorologiques|2gcpds |
| 776 | 0#|tEnvironment Canada's Meteorological Service : |w(CaOODSP)9.694099 |
| 776 | 0#|tLe Service météorologique d'Environnement Canada : |w(CaOODSP)9.638280 |
| 791 | |tEnvironment Canada's Meteorological Service : |eeng|w(CaOODSP)9.672637 |